[Event "Reunion op 17th"]
[Site "St Denis"]
[Date "2015.10.10"]
[Round "7"]
[White "Strate, Wolfgang"]
[Black "Romain, Juliane"]
[Result "1/2-1/2"]
[WhiteElo "1628"]
[BlackElo "1364"]
[PlyCount "121"]
[EventDate "2015.10.10"]
[EventType "swiss"]
[EventRounds "9"]
[EventCountry "RUF"]
[SourceTitle "CBM 168 Extra"]
[Source "ChessBase"]
[SourceDate "2015.10.29"]
[SourceVersion "1"]
[SourceVersionDate "2015.10.29"]
[SourceQuality "1"]

1. d4 d5 2. e4 Nc6 3. e5 Bf5 4. c3 e6 5. Nf3 Qd7 6. Bb5 0-0-0 7. Qa4 Nge7 8. Bg5 h6 9. Bh4 g5 10. Bg3 Bg7 11. Nbd2 Rdg8 12. Nb3 Bc2 13. Nfd2 a6 14. Be2 Nf5 15. Rc1 Nxg3 16. hxg3 Bxb3 17. Nxb3 Bf8 18. Nd2 Qd8 19. b4 f6 20. b5 axb5 21. Bxb5 Nb8 22. Rb1 fxe5 23. dxe5 Bc5 24. Nb3 Bb6 25. Nd4 Qe7 26. Bd3 Qc5 27. Qb3 Nd7 28. Qc2 Nxe5 29. Be2 Re8 30. Rb5 Qd6 31. Qa4 c5 32. Nf3 Nxf3+ 33. gxf3 Kc7 34. 0-0 Ra8 35. Qb3 c4 36. Qc2 Bc5 37. a4 b6 38. Rfb1 h5 39. Bd1 h4 40. Kg2 Ra5 41. Qg6 Qe5 42. Qc2 Rxb5 43. Rxb5 hxg3 44. fxg3 Bd6 45. Qf2 Bc5 46. Qe2 Qxc3 47. Qxe6 Qd2+ 48. Qe2 Qxe2+ 49. Bxe2 Ra8 50. Bd1 d4 51. f4 gxf4 52. gxf4 Kd6 53. Kf3 Ke6 54. Ke4 Ra5 55. Rxa5 bxa5 56. f5+ Kf6 57. Kd5 Bb6 58. Kxc4 Kxf5 59. Kd3 Ke5 60. Bh5 Kd5 61. Be8 1/2-1/2

[Event "Reunion op 14th"]
[Site "St Denis"]
[Date "2012.10.07"]
[Round "3"]
[White "Ringayen, Rose May"]
[Black "Romain, Juliane"]
[Result "1-0"]
[WhiteElo "1567"]
[BlackElo "1367"]
[PlyCount "115"]
[EventDate "2012.10.06"]
[EventType "swiss"]
[EventRounds "9"]
[EventCountry "RUF"]
[SourceTitle "EXT 2013"]
[Source "ChessBase"]
[SourceDate "2012.11.22"]
[SourceVersion "1"]
[SourceVersionDate "2012.11.22"]
[SourceQuality "1"]

1. e4 e5 2. Nf3 Nc6 3. d4 Nf6 4. Nc3 Bb4 5. Bg5 d6 6. Bb5 0-0 7. Bxc6 bxc6 8. 0-0 Bg4 9. dxe5 Bxf3 10. Qxf3 Bxc3 11. bxc3 dxe5 12. Rad1 Qe7 13. Bxf6 Qxf6 14. Qxf6 gxf6 15. f4 Rab8 16. fxe5 fxe5 17. Rf5 f6 18. Rdf1 Kg7 19. R5f2 Rb2 20. Ra1 Rb5 21. Rd1 Kg6 22. Rd3 Rb2 23. Rg3+ Kf7 24. Rgf3 Ke6 25. g4 h6 26. h4 Ke7 27. g5 hxg5 28. hxg5 Rg8 29. Rxf6 Rxg5+ 30. Kf1 Kd7 31. Rd2+ Kc8 32. Rf5 Rxf5+ 33. exf5 Rb8 34. Rd1 c5 35. f6 c6 36. Re1 Kc7 37. Rxe5 Kb6 38. f7 Rf8 39. Rf5 Kc7 40. Ke2 Kd7 41. Kd3 Ke7 42. Kc4 Kd6 43. a4 a6 44. Rf6+ Ke5 45. Rxc6 Rxf7 46. Kxc5 Rf2 47. Kb6 Rxc2 48. Kxa6 Ke4 49. Kb5 Kd3 50. Rd6+ Ke4 51. a5 Rxc3 52. a6 Rc8 53. a7 Ke5 54. Rc6 Ra8 55. Kb6 Kd5 56. Rc2 Rf8 57. Kb7 Rf7+ 58. Rc7 1-0